00352nam a2200133 a 450000500170000000800410001705000220005824500480008030000340012852100070016254600100016965000160017965000230019520140310183300.0041213s19uu xx 00 eng d aT 385b.D767 1992 aDraw it ! chart it ! paint it ! show it !/. a|32 p. :bcol. ill. ;c23 cm. aIT aC5791 aCorel draw. aComputer graphics.